000 00458ngm a2200181 i 4500
001 C2-0312586
003 PPAK
005 20180727220854.0
008 111016s2008 xxu|||| ||||| | vleng d
040 _aPPAK
_beng
_cPPAK
_erda
245 0 0 _aBabylon A.D.
264 1 _aUnited States :
_b20th Century Fox ,
_c2008
336 _2rdacontent
_atext
337 _2rdamedia
_aunmediated
338 _2rdacarrier
_avolume
700 _eauthor
942 _2ddc
_cDVD
999 _c166624
_d166624